| 000 | 00501nam a22001817a 4500 | ||
|---|---|---|---|
| 003 | OSt | ||
| 005 | 20260203112736.0 | ||
| 008 | 260203b |||||||| |||| 00| 0 eng d | ||
| 020 | _a9789354669798 | ||
| 040 | _cCBS PUB | ||
| 082 |
_a611 _bCHA |
||
| 100 | _aCHAURASIA B. D., GARG K. | ||
| 245 | _aWORK BOOK OF HUMAN ANATOMY LOWER LIMB; ABDOMEN & PELVIS. | ||
| 260 |
_aB.M.S.G.B PUNE _bCBS PUB _c2025 |
||
| 300 | _aVIII;PB;102 | ||
| 500 | _aBILL NO - 6409 DATE - 13/01/2026 | ||
| 942 |
_2ddc _cTB _n0 |
||
| 999 |
_c1215326 _d1215326 |
||